[Event "DEM U10w 2018"]
[Site "Willingen GER"]
[Date "2018.05.25"]
[Round "10"]
[White "Khanbekyan, Nare"]
[Black "Praus, Pia-Rosa"]
[Result "0-1"]
[Termination "normal"]
[Board "8"]
[WhiteElo "1123"]
[BlackElo "1055"]
[WhiteClock "00:02:43"]
[BlackClock "00:53:38"]
[PlyCount "106"]
[WhiteFideId "16270916"]
[BlackFideId "16271815"]
[EventCountry "GER"]
[EventRounds "11"]
[EventType "swiss"]
[EventDate "2018.05.19"]

1. e4 {[%clk 1:15:56]} 1... d5 {[%clk 1:15:37]} 2. exd5 {[%clk 1:15:51]} 2...
Qxd5 {[%clk 1:15:57]} 3. Nc3 {[%clk 1:15:34]} 3... Qa5 {[%clk 1:16:02]} 4. d4 {
[%clk 1:15:21]} 4... Nf6 {[%clk 1:15:08]} 5. Bd3 {[%clk 1:10:54]} 5... c6 {
[%clk 1:14:48]} 6. Nf3 {[%clk 1:09:19]} 6... Bg4 {[%clk 1:13:24]} 7. h3 { [%clk
1:06:04]} 7... Bh5 {[%clk 1:11:30]} 8. Be3 {[%clk 1:04:09]} 8... e6 { [%clk
1:08:54]} 9. O-O {[%clk 0:55:02]} 9... Nbd7 {[%clk 1:06:05]} 10. Re1 { [%clk
0:49:30]} 10... Be7 {[%clk 1:04:29]} 11. Qe2 {[%clk 0:44:43]} 11... O-O { [%clk
1:03:00]} 12. Rad1 {[%clk 0:43:21]} 12... Bb4 {[%clk 1:00:15]} 13. Bd2 { [%clk
0:40:40]} 13... Rac8 {[%clk 0:55:39]} 14. a3 {[%clk 0:39:19]} 14... Bxc3 {[%clk
0:55:11]} 15. Bxc3 {[%clk 0:38:58]} 15... Qc7 {[%clk 0:55:23]} 16. b4 { [%clk
0:37:04]} 16... b6 17. Rb1 {[%clk 0:35:11]} 17... c5 {[%clk 0:50:44]} 18. Qd2
{[%clk 0:27:30]} 18... Bxf3 {[%clk 0:50:54]} 19. gxf3 {[%clk 0:27:44]} 19...
cxb4 {[%clk 0:50:49]} 20. Bxb4 {[%clk 0:27:54]} 20... Rfe8 { [%clk 0:50:48]}
21. Kh1 {[%clk 0:27:38]} 21... a5 {[%clk 0:51:04]} 22. Bxa5 { [%clk 0:18:10]}
22... bxa5 {[%clk 0:51:05]} 23. Rg1 {[%clk 0:18:02]} 23... g6 { [%clk 0:49:20]}
24. Qh6 {[%clk 0:15:37]} 24... Qc6 {[%clk 0:48:58]} 25. Rg3 { [%clk 0:14:49]}
25... Nh5 {[%clk 0:49:12]} 26. Be4 {[%clk 0:13:55]} 26... Nxg3+ {[%clk
0:49:18]} 27. fxg3 {[%clk 0:13:48]} 27... Qd6 {[%clk 0:49:36]} 28. Rg1 { [%clk
0:11:29]} 28... Qxd4 {[%clk 0:49:57]} 29. h4 {[%clk 0:10:11]} 29... Rc7 { [%clk
0:49:21]} 30. h5 {[%clk 0:10:01]} 30... Rec8 {[%clk 0:48:25]} 31. hxg6 { [%clk
0:08:24]} 31... fxg6 {[%clk 0:48:38]} 32. Rc1 {[%clk 0:05:46]} 32... Rc3 {[%clk
0:48:00]} 33. Kg2 {[%clk 0:04:39]} 33... Re3 {[%clk 0:47:48]} 34. Rh1 { [%clk
0:03:23]} 34... Re2+ {[%clk 0:47:44]} 35. Kh3 {[%clk 0:02:40]} 35... Qg7 {[%clk
0:48:01]} 36. Qxg7+ {[%clk 0:02:38]} 36... Kxg7 {[%clk 0:48:24]} 37. Kg4 {[%clk
0:01:49]} 37... Nf6+ {[%clk 0:48:43]} 38. Kf4 {[%clk 0:01:39]} 38... Nxe4
{[%clk 0:49:09]} 39. fxe4 {[%clk 0:01:16]} 39... Rcxc2 {[%clk 0:49:24]} 40. Rd1
{[%clk 0:01:09]} 40... Kf6 {[%clk 0:49:43]} 41. Rf1 {[%clk 0:01:15]} 41... Rf2+
{[%clk 0:50:07]} 42. Rxf2 {[%clk 0:00:56]} 42... Rxf2+ { [%clk 0:50:27]} 43.
Ke3 {[%clk 0:01:16]} 43... Ra2 {[%clk 0:50:53]} 44. Kf4 { [%clk 0:01:36]} 44...
Rxa3 {[%clk 0:51:17]} 45. e5+ {[%clk 0:01:54]} 45... Kf7 {[%clk 0:51:40]} 46.
g4 {[%clk 0:01:53]} 46... Rb3 {[%clk 0:52:00]} 47. Kg5 { [%clk 0:02:10]} 47...
a4 {[%clk 0:52:14]} 48. Kh6 {[%clk 0:02:24]} 48... a3 { [%clk 0:52:40]} 49. Kg5
{[%clk 0:02:29]} 49... a2 {[%clk 0:52:59]} 50. Kf4 { [%clk 0:02:43]} 50... a1=Q
51. Kg5 {[%clk 0:02:42]} 51... Qxe5+ {[%clk 0:53:22] } 52. Kh4 {[%clk 0:02:43]}
52... Qa5 {[%clk 0:53:17]} 53. g5 53... Qa4# { [%clk 0:53:38]} 0-1

[Event "DEM U10w 2018"]
[Site "Willingen GER"]
[Date "2018.05.25"]
[Round "10"]
[White "Sickmann, Lisa"]
[Black "Trunz, Tamila"]
[Result "1-0"]
[Termination "normal"]
[Board "9"]
[WhiteElo "1119"]
[BlackElo "1046"]
[WhiteClock "01:16:50"]
[BlackClock "01:06:09"]
[PlyCount "77"]
[WhiteFideId "16267818"]
[BlackFideId "16267885"]
[EventCountry "GER"]
[EventRounds "11"]
[EventType "swiss"]
[EventDate "2018.05.19"]

1. e4 {[%clk 1:15:56]} 1... e5 {[%clk 1:15:58]} 2. Nf3 {[%clk 1:16:13]} 2...
Nc6 {[%clk 1:16:23]} 3. Bb5 {[%clk 1:16:34]} 3... d6 {[%clk 1:16:28]} 4. O-O {
[%clk 1:16:49]} 4... Bg4 {[%clk 1:16:51]} 5. d3 {[%clk 1:16:56]} 5... Nf6 {
[%clk 1:17:03]} 6. Bg5 {[%clk 1:17:15]} 6... h6 {[%clk 1:16:39]} 7. Bh4 { [%clk
1:17:35]} 7... g5 {[%clk 1:16:26]} 8. Bg3 {[%clk 1:17:58]} 8... Qd7 { [%clk
1:16:27]} 9. Nbd2 {[%clk 1:18:08]} 9... O-O-O {[%clk 1:16:39]} 10. c3 { [%clk
1:18:07]} 10... Nh5 {[%clk 1:16:34]} 11. h3 {[%clk 1:18:02]} 11... Nxg3 { [%clk
1:16:28]} 12. fxg3 {[%clk 1:18:20]} 12... Be6 {[%clk 1:16:08]} 13. Qa4 { [%clk
1:18:17]} 13... a6 {[%clk 1:14:45]} 14. Bxc6 {[%clk 1:18:23]} 14... Qxc6 {[%clk
1:14:38]} 15. Qxc6 {[%clk 1:18:36]} 15... bxc6 {[%clk 1:15:00]} 16. Ne1 {[%clk
1:18:03]} 16... d5 {[%clk 1:14:56]} 17. exd5 {[%clk 1:18:02]} 17... Bxd5 {[%clk
1:15:18]} 18. Rf5 {[%clk 1:16:45]} 18... Bc5+ {[%clk 1:15:12]} 19. Kh2 { [%clk
1:17:02]} 19... Rhe8 {[%clk 1:15:13]} 20. b4 {[%clk 1:16:28]} 20... Be3 { [%clk
1:15:17]} 21. Nf1 {[%clk 1:16:18]} 21... Bb6 {[%clk 1:15:27]} 22. c4 { [%clk
1:16:33]} 22... Bd4 {[%clk 1:14:43]} 23. Rb1 {[%clk 1:16:12]} 23... Be6 { [%clk
1:14:36]} 24. Rf6 {[%clk 1:16:10]} 24... e4 {[%clk 1:13:59]} 25. Rxh6 { [%clk
1:16:24]} 25... exd3 {[%clk 1:14:00]} 26. Nxd3 {[%clk 1:16:17]} 26... Bxc4
{[%clk 1:13:33]} 27. Nc5 {[%clk 1:15:57]} 27... Rd6 {[%clk 1:13:06]} 28. Rxd6
{[%clk 1:15:49]} 28... cxd6 {[%clk 1:13:23]} 29. Nb3 {[%clk 1:16:05]} 29... Re2
{[%clk 1:13:02]} 30. Nxd4 {[%clk 1:16:06]} 30... Rxa2 {[%clk 1:12:25] } 31.
Nxc6 {[%clk 1:16:01]} 31... Bd3 {[%clk 1:11:58]} 32. Rc1 {[%clk 1:16:22]} 32...
Kb7 {[%clk 1:11:19]} 33. Ne3 {[%clk 1:15:58]} 33... f5 {[%clk 1:08:08]} 34. Nd4
{[%clk 1:15:39]} 34... f4 {[%clk 1:08:22]} 35. gxf4 {[%clk 1:15:47]} 35... gxf4
{[%clk 1:08:42]} 36. Nd5 {[%clk 1:16:10]} 36... f3 {[%clk 1:07:48]} 37. Rc7+
{[%clk 1:16:33]} 37... Kb8 {[%clk 1:07:46]} 38. Nc6+ {[%clk 1:16:50]} 38... Ka8
{[%clk 1:06:09]} 39. Nb6# 1-0

[Event "DEM U10w 2018"]
[Site "Willingen GER"]
[Date "2018.05.25"]
[Round "10"]
[White "Bako, Evelin"]
[Black "Bangiev, Katharina"]
[Result "1-0"]
[Termination "normal"]
[Board "10"]
[WhiteElo "971"]
[BlackElo "1009"]
[PlyCount "59"]
[WhiteFideId "16271823"]
[BlackFideId "16267230"]
[EventCountry "GER"]
[EventRounds "11"]
[EventType "swiss"]
[EventDate "2018.05.19"]

1. d4 d5 2. Nf3 Nf6 3. e3 Bf5 4. Bd3 Bxd3 5. Qxd3 Nc6 6. c3 e6 7. Nbd2 Bd6 8.
c4 O-O 9. O-O Re8 10. b3 Qd7 11. e4 dxe4 12. Nxe4 Nxe4 13. Qxe4 Rab8 14. Ng5 f5
15. Qe2 e5 16. d5 Nd8 17. Re1 Nf7 18. Nxf7 Qxf7 19. Bb2 Qf6 20. f4 Qh4 21. fxe5
Bc5+ 22. Kh1 Bb4 23. Rf1 Rf8 24. e6 Rbe8 25. Qe5 Rf6 26. Qxc7 Rg6 27. Rxf5 Qg4
28. Qf7+ Kh8 29. Qxe8+ Bf8 30. Qxf8# 1-0

[Event "DEM U10w 2018"]
[Site "Willingen GER"]
[Date "2018.05.25"]
[Round "10"]
[White "Loos, Tilda"]
[Black "Hengst, Sarah"]
[Result "1-0"]
[Termination "normal"]
[Board "11"]
[WhiteElo "1091"]
[BlackElo "878"]
[PlyCount "33"]
[WhiteFideId "34620559"]
[BlackFideId "16286030"]
[EventCountry "GER"]
[EventRounds "11"]
[EventType "swiss"]
[EventDate "2018.05.19"]

1. e4 e5 2. Nf3 Nc6 3. Bc4 Nf6 4. Ng5 Bc5 5. Bxf7+ Ke7 6. Bb3 Rf8 7. Nc3 d6 8.
d3 h6 9. Nf3 Bg4 10. Bd2 Nd4 11. h3 Bxf3 12. gxf3 Nxf3+ 13. Qxf3 Nd7 14. Nd5+
Ke8 15. Qh5+ Rf7 16. Nxc7+ Kf8 17. Qxf7# 1-0

[Event "DEM U10w 2018"]
[Site "Willingen GER"]
[Date "2018.05.25"]
[Round "10"]
[White "Klonov, Sofia"]
[Black "Loos, Violeta"]
[Result "0-1"]
[Termination "normal"]
[Board "12"]
[WhiteElo "1028"]
[BlackElo "1023"]
[PlyCount "66"]
[WhiteFideId "16226240"]
[BlackFideId "34605290"]
[EventCountry "GER"]
[EventRounds "11"]
[EventType "swiss"]
[EventDate "2018.05.19"]

1. e4 e5 2. Nf3 Nf6 3. Nxe5 d6 4. Nf3 Nxe4 5. d4 d5 6. Bd3 Nc6 7. O-O Be7 8.
Be3 Bg4 9. h3 Bh5 10. Nbd2 Nxd2 11. Qxd2 Bxf3 12. gxf3 Qd7 13. Kh2 O-O-O 14.
Rg1 g6 15. Rg2 Rhg8 16. Rh1 f6 17. Kg1 g5 18. Kf1 h5 19. Rhg1 Nb4 20. a3 Nxd3
21. Qxd3 Qxh3 22. Qe2 g4 23. fxg4 Rxg4 24. f3 Rg3 25. Kf2 Rxg2+ 26. Rxg2 f5 27.
Bf4 Bh4+ 28. Kg1 Kd7 29. Rg7+ Kc8 30. Rxc7+ Kb8 31. Qb5 Rg8+ 32. Bg3 Qxg3+ 33.
Kf1 Qf2# 0-1

[Event "DEM U10w 2018"]
[Site "Willingen GER"]
[Date "2018.05.25"]
[Round "10"]
[White "Scherer, Pia"]
[Black "Wilmink, Anna"]
[Result "0-1"]
[Termination "normal"]
[Board "13"]
[WhiteElo "740"]
[BlackElo "1137"]
[PlyCount "74"]
[BlackFideId "16273680"]
[EventCountry "GER"]
[EventRounds "11"]
[EventType "swiss"]
[EventDate "2018.05.19"]

1. e4 e6 2. d4 d5 3. e5 c5 4. c3 Qb6 5. Nf3 Nc6 6. Nbd2 cxd4 7. cxd4 Nxd4 8.
Nxd4 Qxd4 9. Bb5+ Bd7 10. Bxd7+ Kxd7 11. O-O Rc8 12. Rb1 Kc7 13. Qc2+ Kb8 14.
Qb3 Qb6 15. Qxb6 axb6 16. b4 Ne7 17. Ba3 Nc6 18. Nf3 g5 19. Rfe1 h6 20. Rec1 g4
21. Nh4 Nxe5 22. Rxc8+ Kxc8 23. Rc1+ Kd7 24. Rc3 Be7 25. Re3 Nc4 26. Rc3 Nxa3
27. Rxa3 Bxh4 28. Ra7 Kc6 29. a4 Rc8 30. b5+ Kc7 31. Kf1 Kb8 32. Rxb7+ Kxb7 33.
g3 Bg5 34. h4 gxh3 35. Kg1 d4 36. f4 d3 37. Kf1 d2 0-1

[Event "DEM U10w 2018"]
[Site "Willingen GER"]
[Date "2018.05.25"]
[Round "10"]
[White "Bone, Annalena"]
[Black "Petrosyan, Ani"]
[Result "0-1"]
[Termination "normal"]
[Board "14"]
[WhiteElo "990"]
[BlackElo "1331"]
[PlyCount "120"]
[WhiteFideId "16284453"]
[BlackFideId "16248015"]
[EventCountry "GER"]
[EventRounds "11"]
[EventType "swiss"]
[EventDate "2018.05.19"]

1. e4 c6 2. d4 d5 3. exd5 cxd5 4. c4 Nf6 5. Nc3 Bf5 6. Bg5 e6 7. Nf3 Be7 8. a3
O-O 9. Be2 Ne4 10. Bf4 dxc4 11. Bxc4 Nc6 12. O-O Rc8 13. Re1 Nxc3 14. bxc3 Na5
15. Ba2 Rxc3 16. Bb1 Bxb1 17. Rxb1 Rxa3 18. Rc1 Nc6 19. Rb1 Qd7 20. Re4 f5 21.
Re1 Bf6 22. Ne5 Qxd4 23. Qxd4 Nxd4 24. Nd7 Rf7 25. Rxb7 Ne2+ 26. Kf1 Rxd7 27.
Rxd7 Nxf4 28. Rc1 h6 29. Rc8+ Kh7 30. f3 Ra2 31. g3 Nd5 32. Rf7 Kg6 33. Rff8 a5
34. Rfe8 Kf7 35. Rf8+ Kg6 36. Rfe8 Be7 37. Rc6 a4 38. g4 fxg4 39. fxg4 Rxh2 40.
Rh8 a3 41. Ra6 a2 42. Kg1 Rd2 43. Rxe6+ Kf7 44. Ra6 Rd1+ 45. Kf2 a1=Q 46. Rxa1
Rxa1 47. Kf3 Ra4 48. Rc8 Nf6 49. Rc7 Rxg4 50. Ke3 h5 51. Kd3 h4 52. Rc4 Rxc4
53. Kxc4 h3 54. Kd3 h2 55. Kd4 h1=Q 56. Kc4 Qd5+ 57. Kc3 Ne4+ 58. Kb2 Qc4 59.
Kb1 Nd2+ 60. Ka1 Bf6# 0-1

[Event "DEM U10w 2018"]
[Site "Willingen GER"]
[Date "2018.05.25"]
[Round "10"]
[White "Chassard, Cecilia"]
[Black "Heuberger, Sandra"]
[Result "0-1"]
[Termination "normal"]
[Board "15"]
[WhiteElo "821"]
[BlackElo "1132"]
[PlyCount "86"]
[WhiteFideId "16271831"]
[BlackFideId "16232151"]
[EventCountry "GER"]
[EventRounds "11"]
[EventType "swiss"]
[EventDate "2018.05.19"]

1. e4 e5 2. Nf3 Nc6 3. Bc4 Nf6 4. Nc3 Nxe4 5. Nxe4 d5 6. Bd3 dxe4 7. Bxe4 Bc5
8. d3 h6 9. Be3 Bb6 10. O-O Bg4 11. c3 O-O 12. Re1 f5 13. Bxc6 bxc6 14. Bxb6
cxb6 15. Rxe5 Re8 16. Rxe8+ Qxe8 17. Qe1 f4 18. Qxe8+ Rxe8 19. Re1 Re6 20. Rxe6
Bxe6 21. Nd4 Kf7 22. Nxe6 Kxe6 23. f3 g5 24. g4 fxg3 25. hxg3 h5 26. g4 hxg4
27. fxg4 Ke5 28. Kf2 Kf4 29. b4 Kxg4 30. Kg2 Kf4 31. a4 c5 32. bxc5 bxc5 33. d4
c4 34. d5 Ke5 35. Kf3 Kxd5 36. Kg4 Ke4 37. Kxg5 Kd3 38. Kf4 Kxc3 39. Ke3 Kb3
40. a5 c3 41. Ke2 c2 42. Kd2 Kb2 43. a6 c1=Q+ 0-1

[Event "DEM U10w 2018"]
[Site "Willingen GER"]
[Date "2018.05.25"]
[Round "10"]
[White "Muhina, Alina"]
[Black "Tobias, Franziska Ylvi"]
[Result "1-0"]
[Termination "normal"]
[Board "16"]
[WhiteElo "948"]
[BlackElo "909"]
[PlyCount "107"]
[WhiteFideId "16298322"]
[BlackFideId "16272404"]
[EventCountry "GER"]
[EventRounds "11"]
[EventType "swiss"]
[EventDate "2018.05.19"]

1. e4 e5 2. Nf3 Nc6 3. d4 exd4 4. Nxd4 Nf6 5. Nxc6 bxc6 6. Nc3 Bb4 7. e5 Qe7 8.
Qe2 Nd5 9. Bd2 O-O 10. g3 d6 11. exd6 Qxe2+ 12. Bxe2 cxd6 13. Nxd5 Bxd2+ 14.
Kxd2 cxd5 15. Rad1 Rb8 16. Kc1 Bf5 17. Rxd5 Be6 18. Rxd6 Rfe8 19. Ra6 Ra8 20.
Bf3 Rac8 21. Rxa7 Bf5 22. c3 Red8 23. Re1 Rd3 24. Rae7 g6 25. Bb7 Rcd8 26. a4
Rd2 27. Re8+ Rxe8 28. Rxe8+ Kg7 29. a5 Rc2+ 30. Kd1 Rxb2 31. Re2 Bg4 32. f3
Rb1+ 33. Kc2 Bf5+ 34. Be4 Rb5 35. Bxf5 Rxf5 36. a6 Ra5 37. c4 Rxa6 38. Kb3 Rb6+
39. Ka4 Rc6 40. Kb5 Rc8 41. Rc2 Rb8+ 42. Kc5 Rc8+ 43. Kd4 f5 44. Ke3 g5 45. c5
Re8+ 46. Kf2 f4 47. g4 h6 48. c6 Kg6 49. c7 Rc8 50. Rc6+ Kh7 51. Ke2 h5 52.
gxh5 g4 53. fxg4 Re8+ 54. Kf3 1-0

[Event "ODJM C 2018"]
[Site "Willingen GER"]
[Date "2018.05.20"]
[Round "1"]
[White "Herbertz, Daria"]
[Black "Senechal, Niklas Bennett"]
[Result "0-1"]
[Termination "normal"]
[Board "1"]
[WhiteElo "1394"]
[BlackElo "1395"]
[WhiteClock "00:30:17"]
[BlackClock "01:34:43"]
[PlyCount "70"]
[WhiteFideId "16222989"]
[BlackFideId "16231180"]
[EventCountry "GER"]
[EventRounds "9"]
[EventType "swiss"]
[EventDate "2018.05.19"]

1. e4 {[%clk 1:30:30]} 1... c6 {[%clk 1:30:30]} 2. Nf3 {[%clk 1:30:30]} 2... d5
{[%clk 1:30:30]} 3. exd5 {[%clk 1:30:48]} 3... cxd5 {[%clk 1:30:42]} 4. d4 {
[%clk 1:30:56]} 4... Bf5 {[%clk 1:30:19]} 5. Bd3 {[%clk 1:26:59]} 5... Bxd3 {
[%clk 1:29:42]} 6. Qxd3 {[%clk 1:27:21]} 6... Nc6 {[%clk 1:29:50]} 7. Nc3 {
[%clk 1:26:29]} 7... e6 {[%clk 1:29:24]} 8. O-O {[%clk 1:26:17]} 8... Nf6 {
[%clk 1:28:19]} 9. Re1 {[%clk 1:25:10]} 9... Bb4 {[%clk 1:28:10]} 10. a3 {
[%clk 1:22:33]} 10... Ba5 {[%clk 1:25:33]} 11. b4 {[%clk 1:18:05]} 11... Bb6 {
[%clk 1:25:13]} 12. Bg5 {[%clk 1:04:56]} 12... O-O {[%clk 1:24:08]} 13. b5 {
[%clk 0:58:39]} 13... Na5 {[%clk 1:23:15]} 14. Ne5 {[%clk 0:52:35]} 14... h6 {
[%clk 1:18:19]} 15. Bh4 {[%clk 0:52:06]} 15... Rc8 {[%clk 1:15:00]} 16. Na4 {
[%clk 0:39:32]} 16... g5 {[%clk 1:12:03]} 17. Nxb6 {[%clk 0:34:27]} 17... Qxb6
{[%clk 1:11:50]} 18. Bg3 {[%clk 0:31:05]} 18... Qd8 {[%clk 1:09:01]} 19. Ng6 {
[%clk 0:21:10]} 19... Re8 {[%clk 1:08:15]} 20. Be5 {[%clk 0:19:00]} 20... Nc4 {
[%clk 1:07:34]} 21. Ra2 {[%clk 0:10:08]} 21... Nxe5 {[%clk 1:07:38]} 22. Nxe5 {
[%clk 0:10:06]} 22... Ne4 {[%clk 1:07:14]} 23. Re3 {[%clk 0:08:05]} 23... Rc3 {
[%clk 1:06:16]} 24. Qe2 {[%clk 0:04:10]} 24... Qa5 {[%clk 1:05:38]} 25. f3 {
[%clk 0:02:55]} 25... Rxe3 {[%clk 1:05:47]} 26. Qxe3 {[%clk 0:03:03]} 26... Nc3
{[%clk 1:05:41]} 27. Qe1 {[%clk 0:01:06]} 27... Rc8 {[%clk 1:04:58]} 28. Nd7 {
[%clk 0:00:39]} 28... Qxb5 {[%clk 1:04:58]} 29. Ra1 {[%clk 0:00:32]} 29... Qxd7
{[%clk 1:05:17]} 30. Qe3 {[%clk 0:00:37]} 30... Qd6 {[%clk 1:04:49]} 31. g3 {
[%clk 0:00:41]} 31... f6 {[%clk 1:04:36]} 32. f4 {[%clk 0:00:33]} 32... Ne4 {
[%clk 1:04:44]} 33. Rc1 {[%clk 0:00:31]} 33... Rc3 34. Qe1 {[%clk 0:30:30]}
34... Qxa3 {[%clk 1:34:39]} 35. Ra1 {[%clk 0:30:17]} 35... Re3 {[%clk 1:34:43]}
0-1

[Event "ODJM C 2018"]
[Site "Willingen GER"]
[Date "2018.05.20"]
[Round "1"]
[White "Butenandt, Albrecht"]
[Black "Kail, Oliver"]
[Result "0-1"]
[Termination "normal"]
[Board "2"]
[WhiteElo "1138"]
[BlackElo "1479"]
[WhiteClock "01:04:51"]
[BlackClock "01:34:46"]
[PlyCount "88"]
[WhiteFideId "16213424"]
[BlackFideId "16228820"]
[EventCountry "GER"]
[EventRounds "9"]
[EventType "swiss"]
[EventDate "2018.05.19"]

1. e4 {[%clk 1:30:30]} 1... Nc6 {[%clk 1:30:58]} 2. Nf3 {[%clk 1:30:41]} 2...
e5 {[%clk 1:31:24]} 3. Nc3 {[%clk 1:31:00]} 3... Nf6 {[%clk 1:31:50]} 4. d4 {
[%clk 1:31:24]} 4... exd4 {[%clk 1:32:16]} 5. Nxd4 {[%clk 1:31:48]} 5... Bc5 {
[%clk 1:32:19]} 6. Be3 {[%clk 1:32:06]} 6... d6 {[%clk 1:32:27]} 7. Nxc6 {
[%clk 1:32:15]} 7... bxc6 {[%clk 1:32:48]} 8. Bxc5 {[%clk 1:32:37]} 8... dxc5 {
[%clk 1:33:09]} 9. Qxd8+ {[%clk 1:33:02]} 9... Kxd8 {[%clk 1:33:38]} 10. O-O-O+
{[%clk 1:33:21]} 10... Ke7 {[%clk 1:33:18]} 11. Bc4 {[%clk 1:33:03]} 11... Be6
{[%clk 1:33:24]} 12. Bxe6 {[%clk 1:32:00]} 12... Kxe6 {[%clk 1:33:53]} 13. f3 {
[%clk 1:29:53]} 13... Rhd8 {[%clk 1:34:11]} 14. Na4 {[%clk 1:27:49]} 14... c4 {
[%clk 1:34:35]} 15. Nc5+ {[%clk 1:26:06]} 15... Ke7 {[%clk 1:34:09]} 16. Nb7 {
[%clk 1:24:20]} 16... Rxd1+ {[%clk 1:34:27]} 17. Rxd1 {[%clk 1:24:36]} 17...
Rb8 {[%clk 1:34:56]} 18. Na5 {[%clk 1:24:45]} 18... Rb6 {[%clk 1:34:11]} 19.
Nxc4 {[%clk 1:24:31]} 19... Ra6 {[%clk 1:34:34]} 20. Kb1 {[%clk 1:24:42]} 20...
h5 {[%clk 1:34:24]} 21. Rd3 {[%clk 1:22:05]} 21... Ra4 {[%clk 1:34:18]} 22. Ne5
{[%clk 1:21:53]} 22... c5 {[%clk 1:33:33]} 23. Nc6+ {[%clk 1:21:35]} 23... Ke6
{[%clk 1:33:51]} 24. Rd8 {[%clk 1:16:41]} 24... Ra6 {[%clk 1:33:22]} 25. Nb8 {
[%clk 1:15:59]} 25... Rb6 {[%clk 1:33:46]} 26. f4 {[%clk 1:14:28]} 26... Ke7 {
[%clk 1:33:57]} 27. Rc8 {[%clk 1:12:52]} 27... Nd7 {[%clk 1:31:40]} 28. Nxd7 {
[%clk 1:12:44]} 28... Kxd7 {[%clk 1:32:08]} 29. Rh8 {[%clk 1:12:13]} 29... g6 {
[%clk 1:32:34]} 30. f5 {[%clk 1:11:31]} 30... Rd6 {[%clk 1:32:26]} 31. b3 {
[%clk 1:11:21]} 31... Rd2 {[%clk 1:32:40]} 32. fxg6 {[%clk 1:10:50]} 32... fxg6
{[%clk 1:33:00]} 33. Rh7+ {[%clk 1:10:33]} 33... Kd6 {[%clk 1:33:25]} 34. g3 {
[%clk 1:08:35]} 34... Rxh2 {[%clk 1:32:47]} 35. Rh6 {[%clk 1:08:43]} 35... Ke5
{[%clk 1:32:41]} 36. Rxg6 {[%clk 1:08:19]} 36... Kxe4 {[%clk 1:32:49]} 37. g4 {
[%clk 1:08:05]} 37... h4 {[%clk 1:32:22]} 38. g5 {[%clk 1:07:32]} 38... Kf5 {
[%clk 1:32:47]} 39. Rf6+ {[%clk 1:06:30]} 39... Kxg5 {[%clk 1:33:01]} 40. Rf1 {
[%clk 1:06:42]} 40... h3 {[%clk 1:33:06]} 41. Rg1+ {[%clk 1:06:35]} 41... Kf4 {
[%clk 1:33:33]} 42. Ka1 {[%clk 1:06:11]} 42... Rg2 {[%clk 1:33:57]} 43. Rh1 {
[%clk 1:06:14]} 43... h2 {[%clk 1:34:21]} 44. Rf1+ {[%clk 1:04:51]} 44... Kg3 {
[%clk 1:34:46]} 0-1